000
00298nam a22001337a 4500
008
181023b xxu||||| |||| 00| 0 eng d
020
_a
9780495803362
041
_a
eng
080
_2
2nd
_a
371
100
_a
46
101
_a
EDU
245
_a
Focus on College Success
_c
Staley,C
942
_2
udc
_c
BK
999
_c
50575
_d
50575